Closest States that Don't Share a Land Border - Statistics

General Stats
  • This quiz has been taken 30 times
  • The average score is 29 of 54
Answer Stats
State Pairs Closest Points % Correct
44.7 72.0 Montana Washington ID-WA-Canada tripoint East of Eastport, ID
80%
34.0 54.7 Kansas Texas CO-KS-OK tripoint North of Stratford
75%
19.9 32.0 Maine Vermont East of PIttsburg, NH Caanan
75%
46.9 75.5 New Hampshire Rhode Island Pelham Cumberland
75%
1.64 2.64 New York Rhode Island Wicopesset Island Napatree Point
75%
47.3 76.1 Connecticut New Hampshire Thompson Mason
70%
34.0 54.7 Colorado Texas CO-KS-OK tripoint North of Stratford
65%
11.5 18.5 Connecticut New Jersey Greenwich Alpine
65%
47.8 76.9 Connecticut Vermont Somers MA-NH-VT tripoint
65%
12.7 20.5 Maine Massachusetts Appledore Island, Isles of Shoals Salisbury Beach
65%
77.1 124.0 Maine Rhode Island Cedar Island, Isles of Shoals Cumberland
65%
36.7 59.0 New Hampshire New York East of Brattleboro, VT East of Hoosick
65%
40.7 65.4 Tennessee West Virginia NE of Laurel Bloomery South of Berwind
65%
89.7 144.3 Connecticut Maine Thompson Cedar Island, Isles of Shoals
60%
49.2 79.1 Louisiana Oklahoma AR-LA-TX tripoint East of New Lake
60%
33.8 54.4 Alabama Louisiana Sandy Point, Dauphin Island Chandeleur Islands
55%
34.4 55.4 Arkansas Kansas AR-MO-OK tripoint KS-MO-OK tripoint
55%
29.9 48.1 Arkansas Kentucky East of Piggott Madrid Bar
55%
53.3 85.8 Connecticut Pennsylvania Greenwich Matamoras
55%
78.3 126.0 Delaware New York Claymont Tottenville, Staten Island
55%
29.3 47.1 Delaware Virginia Selbyville Assateague Island
55%
46.5 74.9 Florida Mississippi West of Walnut Hill NE of Agricola
55%
36.2 58.3 Illinois Michigan East Side, Chicago Michiana
55%
32.3 52.0 Illinois Tennessee Angelo Towhead South of Hickman, KY
55%
40.0 64.4 Iowa Kansas IA-KS-MO tripoint South of Northboro
55%
54.2 87.2 Kentucky North Carolina SE of Cranks NE of Howard's Rock
55%
13.4 22.4 Michigan Minnesota Johns Island, Isle Royale Pigeon Point
55%
64.2 103.3 New Jersey Virginia Cape May Point Assateague Island
55%
42.3 68.1 North Carolina West Virginia NC-TN-VA tripoint South of Berwind
55%
17.7 28.4 Pennsylvania Virginia SE of Inglesmith NW of Reynolds Store
55%
60.0 96.6 Rhode Island Vermont CT-MA-RI tripoint MA-NH-VT tripoint
55%
44.5 71.7 South Carolina Tennessee GA-NC-SC tripoint Clingmans Dome
55%
97.1 156.3 Florida South Carolina Ferdandina Beach SW of Bloody Point
50%
75.6 121.7 Indiana Tennessee West of Uniontown, KY South of Golden Pond, KY
50%
53.1 85.5 Kansas New Mexico West of Elkhart CO-NM-OK tripoint
50%
12.1 19.5 Maryland New Jersey Elkton Finns Point
50%
73.2 117.9 Massachusetts New Jersey Mount Washington Mahwah
50%
69.0 111.1 Missouri Mississippi South of Cardwell AR-MS-TN tripoint
50%
92.1 148.2 Montana Oregon West of Alta East of Imnaha
50%
39.0 62.8 New York Ohio East of Wattsburg, PA Conneaut
50%
65.5 105.4 North Dakota Wyoming MT-ND-SD tripoint MT-SD-WY tripoint
50%
55.9 90.0 Indiana Wisconsin Hammond Pleasant Prairie
45%
97.5 156.8 Maryland New York DE-MD-PA tripoint Tottenville, Staten Island
45%
57.6 92.7 Minnesota Nebraska IA-MN-SD tripoint North of Maskell
45%
57.1 91.9 Arkansas Illinois West of Campbell, MO SW of Willard
40%
81.3 130.8 Florida Louisiana Perdido Key Chandeleur Islands
40%
77.5 124.8 Indiana Missouri East of Ridgeway, IL SE of Grand Tower, IL
40%
77.1 124.1 Massachusetts Pennsylvania Mount Washington North of MIllrift
40%
65.6 105.5 Ohio Virginia East of Proctorville KY-VA-WV tripoint
40%
95.1 153.1 South Carolina Virginia SE of Tuxedo, NC SE of Bruno
40%
72.1 116.1 Alabama North Carolina SE of Higdon GA-NC-TN tripoint
35%
93.9 151.1 Maryland North Carolina Assateague Island Carova Beach
35%
69.4 111.6 Maryland Ohio MD-PA-WV tripoint West of Moundsville, WV
30%
74.6 120.0 Illinois Minnesota East Dubuque IA-MN-WI tripoint
25%
No matching quizzes found
Score Distribution
Percent of People with Each Score
Percentile by Number Answered
Your Score History
You have not taken this quiz